00395nam a2200157 a 450000100060000000300090000600800410001502000150005604000280007108200160009910000220011524500120013726000460014930000110019565000310020616636CO-ViMGA141112s2004 ck r 000 u spa d a8483105594 aCO-ViMGAbspacCO-ViMGA04a895.63 M1771 aMatsubara, Hisako10aSamurai aBarcelona (España) : bTusquets, c1997 a235.p.14aNOVELA JAPONESA - SIGLO XX